[Event "ECF Schools-ch"]
[Site "Nottingham"]
[Date "2024.06.28"]
[Round "4.1"]
[White "Handa, Yash"]
[Black "Xu, Weiming"]
[Result "0-1"]
[WhiteElo "1337"]
[BlackElo "1707"]
[PlyCount "68"]
[EventDate "2024.06.27"]
[EventType "team-swiss"]
[EventRounds "5"]
[EventCountry "ENG"]
[SourceTitle "EXT 2025"]
[Source "ChessBase"]
[SourceDate "2024.10.14"]
[SourceVersion "1"]
[SourceVersionDate "2024.10.14"]
[SourceQuality "1"]
[WhiteTeam "Nottingham High School II"]
[BlackTeam "RGS Newcastle"]
[WhiteTeamCountry "ENG"]
[BlackTeamCountry "ENG"]

1. d4 d5 2. Bf4 Nf6 3. Nf3 e6 4. e3 Bd6 5. Bg3 0-0 6. c4 b6 7. Nc3 Bb7 8. Bh4 Nbd7 9. Bd3 Be7 10. 0-0 Rc8 11. Qc2 h6 12. Bg3 c5 13. b3 Nh5 14. Ne2 Ndf6 15. h3 Nxg3 16. Nxg3 dxc4 17. Be4 Nxe4 18. Nxe4 cxb3 19. axb3 cxd4 20. Qd3 dxe3 21. Qxe3 a5 22. Rfd1 Qc7 23. Rac1 Qb8 24. Ng3 Bxf3 25. Qxf3 Rxc1 26. Rxc1 Rc8 27. Qe3 Bc5 28. Qd2 Bb4 29. Rxc8+ Qxc8 30. Qe3 Bc5 31. Qe5 Qd7 32. Nh5 Qd1+ 33. Kh2 Bd6 34. Ng3 Bc5 0-1